000
00334 a2200145 4500
001
48532
020
_a
9780194400947
040
_c
Anchieta - Bela Vista
100
_a
Brooke, Rebecca
240
1
0
_a
Circles and squares
_l
eng
245
1
0
_a
Circles and squares
300
_a
26
650
4
_a
Literatura juvenil em inglês
942
_c
BK
999
_c
48532
_d
48532